<?xml version="1.0" encoding="UTF-8"?>
<record
    xmlns:xsi="http://www.w3.org/2001/XMLSchema-instance"
    xsi:schemaLocation="http://www.loc.gov/MARC21/slim http://www.loc.gov/standards/marcxml/schema/MARC21slim.xsd"
    xmlns="http://www.loc.gov/MARC21/slim">

  <leader>01329cam a22003011  4500</leader>
  <controlfield tag="001">gs 53000297 </controlfield>
  <controlfield tag="003">DLC</controlfield>
  <controlfield tag="005">20260227111400.0</controlfield>
  <controlfield tag="008">780519s1953    azu      b    00010 eng c</controlfield>
  <datafield tag="010" ind1=" " ind2=" ">
    <subfield code="a">gs 53000297 //r894</subfield>
  </datafield>
  <datafield tag="040" ind1=" " ind2=" ">
    <subfield code="a">U.S. Geol. Survey. Libr.</subfield>
  </datafield>
  <datafield tag="043" ind1=" " ind2=" ">
    <subfield code="a">n-us-az</subfield>
  </datafield>
  <datafield tag="050" ind1="0" ind2=" ">
    <subfield code="a">Z6034.U5</subfield>
    <subfield code="b">A7</subfield>
  </datafield>
  <datafield tag="051" ind1=" " ind2=" ">
    <subfield code="a">TN24.A6</subfield>
    <subfield code="b">A35 no. 161</subfield>
    <subfield code="c">Copy 2.</subfield>
  </datafield>
  <datafield tag="100" ind1="1" ind2="0">
    <subfield code="a">Anthony, John W.</subfield>
    <subfield code="q">(John Williams),</subfield>
    <subfield code="d">1920-</subfield>
  </datafield>
  <datafield tag="245" ind1="0" ind2="0">
    <subfield code="a">Bibliography of the geology and mineral resources of Arizona, 1939-1952,</subfield>
    <subfield code="c">by John W. Anthony, Eldred D. Wilson, and Richard T. Moore.</subfield>
  </datafield>
  <datafield tag="260" ind1="0" ind2=" ">
    <subfield code="a">Tucson,</subfield>
    <subfield code="b">University of Arizona,</subfield>
    <subfield code="c">1953.</subfield>
  </datafield>
  <datafield tag="300" ind1=" " ind2=" ">
    <subfield code="a">62 p.</subfield>
    <subfield code="c">23 cm.</subfield>
  </datafield>
  <datafield tag="490" ind1="1" ind2=" ">
    <subfield code="a">Arizona. Bureau of Mines. Bulletin no. 161. Geological series, no. 20</subfield>
  </datafield>
  <datafield tag="500" ind1=" " ind2=" ">
    <subfield code="a">University of Arizona bulletin, v. 24, no. 1.</subfield>
  </datafield>
  <datafield tag="500" ind1=" " ind2=" ">
    <subfield code="a">"Supplementing Arizona Bureau of Mines Bulletin no. 146 ... published in 1939."</subfield>
  </datafield>
  <datafield tag="650" ind1=" " ind2="0">
    <subfield code="a">Geology</subfield>
    <subfield code="z">Arizona</subfield>
    <subfield code="x">Bibliography.</subfield>
  </datafield>
  <datafield tag="650" ind1=" " ind2="0">
    <subfield code="a">Mines and mineral resources</subfield>
    <subfield code="z">Arizona</subfield>
    <subfield code="x">Bibliography.</subfield>
  </datafield>
  <datafield tag="650" ind1=" " ind2="0">
    <subfield code="a">Paleontology</subfield>
    <subfield code="z">Arizona</subfield>
    <subfield code="x">Bibliography.</subfield>
  </datafield>
  <datafield tag="700" ind1="1" ind2="1">
    <subfield code="a">Wilson, Eldred Dewey,</subfield>
    <subfield code="d">1898-</subfield>
    <subfield code="t">Bibliography of the geology and mineral resources of Arizona.</subfield>
  </datafield>
  <datafield tag="830" ind1=" " ind2="0">
    <subfield code="a">Bulletin (University of Arizona. State Bureau of Mines) ;</subfield>
    <subfield code="v">no. 161.</subfield>
  </datafield>
  <datafield tag="810" ind1="1" ind2=" ">
    <subfield code="a">Arizona.</subfield>
    <subfield code="b">State Bureau of Mines.</subfield>
    <subfield code="t">Geological series,</subfield>
    <subfield code="v">no. 20.</subfield>
  </datafield>
  <datafield tag="999" ind1=" " ind2=" ">
    <subfield code="c">28790</subfield>
    <subfield code="d">28790</subfield>
  </datafield>
</record>
